00364nam a2200145Ia 4500008004100000020001500041041001200056082001100068100001600079245005000095250000800145260004200153300000800195650001500203221030s9999 xx 000 0 und d a8185749469 aEnglish a105.23 aD. S. Kumar 0aThermal Science & Engineeringcby D. S. Kumar a4th bS. K. Kataria & SonsaNew Delhic2010 a763 aMechanical